000 00468nam a2200193Ia 4500
005 20240823033202.0
008 240823s9999||||xx |||||||||||||| ||und||
020 _a81-85099-146-
041 _aENGLISH
082 _A621.75 Q1
100 _aHajra Choudhury S K et al.
245 0 _aElements Workshop Technology
250 _a15th
260 _c2011
_b#VALUE!
500 _aISSUED
650 _aWorkshop Technology
_bMechanical
942 _cBK
999 _c195217
_d195217